000 00429nam a2200169 i 4500
001 27447
003 ES-MaACL
005 20230906153623.0
007 t|
008 030114s1967 sp ||||1| spa d
100 1 _aAub, Max,
_d1903-1972
_923783
245 1 0 _aPruebas /
_cMax Aub.
260 _aMadrid :
_bCiencia Nueva,
_c[1967]
300 _a204 p. ;
_c20 cm.
852 _aES-MaACL
_jC-34137
_bR.64575
999 _c27447
_d27447